<?xml version="1.0" encoding="UTF-8"?>
<collection xmlns:xsi="http://www.w3.org/2001/XMLSchema-instance" xsi:schemaLocation="http://www.loc.gov/MARC21/slim http://www.loc.gov/standards/marcxml/schema/MARC21slim.xsd" xmlns="http://www.loc.gov/MARC21/slim">
 <record>
  <leader>00000ctm a22000004a 4500</leader>
  <controlfield tag="001">UP-8027390931312569998</controlfield>
  <controlfield tag="003">Buklod</controlfield>
  <controlfield tag="005">20230626121044.0</controlfield>
  <controlfield tag="006">o--- |     ||   ||</controlfield>
  <controlfield tag="007">ta</controlfield>
  <controlfield tag="008">230626s2023    xx     d     r    |||| u|</controlfield>
  <datafield tag="035" ind1=" " ind2=" ">
   <subfield code="a">(iLib)UPCEB-00012645578</subfield>
  </datafield>
  <datafield tag="040" ind1=" " ind2=" ">
   <subfield code="a">SGA</subfield>
  </datafield>
  <datafield tag="041" ind1=" " ind2=" ">
   <subfield code="a">eng</subfield>
  </datafield>
  <datafield tag="090" ind1=" " ind2="0">
   <subfield code="a">LG 993.5 2023 M3</subfield>
   <subfield code="b">M33</subfield>
  </datafield>
  <datafield tag="100" ind1="1" ind2=" ">
   <subfield code="a">Madrangca, Heaven Aj F.</subfield>
   <subfield code="e">author</subfield>
  </datafield>
  <datafield tag="245" ind1="1" ind2="0">
   <subfield code="a">An exploratory study on participative content creation in the Dream SMP (Survival Multiplayer) fandom</subfield>
   <subfield code="c">Heaven Aj Flores Madrangca; Professor Jeneth Borlasa, adviser.</subfield>
  </datafield>
  <datafield tag="264" ind1=" " ind2="1">
   <subfield code="a">Cebu City</subfield>
   <subfield code="b">College of Communication, Art, and Design , University of the Philippines Cebu</subfield>
   <subfield code="c">2023.</subfield>
  </datafield>
  <datafield tag="300" ind1=" " ind2=" ">
   <subfield code="a">v, 86 leaves</subfield>
   <subfield code="b">illustrations (some colors).</subfield>
  </datafield>
  <datafield tag="500" ind1=" " ind2=" ">
   <subfield code="a">Thesis (Bachelor of Arts in Communication)--UP Cebu, March 2023.</subfield>
  </datafield>
  <datafield tag="504" ind1=" " ind2=" ">
   <subfield code="a">Includes bibliographical references and appendices.</subfield>
  </datafield>
  <datafield tag="520" ind1=" " ind2=" ">
   <subfield code="a">The Dream SMP (Survival Multiplayer) is an invite-only, survival multiplayer Minecraft server known for its live roleplay and narrative building through live streams on YouTube and Twitch, a storytelling medium that is new and unprecedented. This study examines the fan-made content produced by the DSMP fan community, how the fandom interprets and makes sense of its story, and its impacts on the canonical narrative. The research used Focused Group Discussion (FGD), Interviews, and descriptive analysis through the theoretical lenses of Peircean Semiotics, Reader- Response Criticism, and Symbolic Interactionism to achieve its objectives. This thesis found that fanmade content was used to naturalize and concretize the DSMP storyline, and even had significant effects on its storyline. The research also revealed that DSMP fans enjoyed the participative nature of the medium, contributing to their immersion and investment in the storyline. Fanmade content revealed what the DSMP community deemed as crucial plot elements (through fan documentation), and more importantly, aided in naturalizing and humanizing the canon content by creating more ?natural? visuals (through fan artworks and fan animation) or exploring character introspection and their relationships (through fanfiction and fan songs). Finally, due to the intertwined nature of the Content Creators and fans, the DSMP canon storyline integrated many fanmade content into their canon storyline, which included character designs, character traits and personalities, and even new characters.</subfield>
  </datafield>
  <datafield tag="700" ind1="1" ind2=" ">
   <subfield code="a">Borlasa, Jeneth</subfield>
   <subfield code="e">adviser.</subfield>
  </datafield>
  <datafield tag="905" ind1=" " ind2=" ">
   <subfield code="a">UP</subfield>
  </datafield>
  <datafield tag="852" ind1="0" ind2=" ">
   <subfield code="a">UPCEB</subfield>
   <subfield code="b">CEBU-LAHUG</subfield>
   <subfield code="h">LG 993.5 2023 M3 M33</subfield>
  </datafield>
  <datafield tag="942" ind1=" " ind2=" ">
   <subfield code="a">Thesis</subfield>
  </datafield>
 </record>
</collection>
